[Event "DEM U18 2005"]
[Site "Willingen GER"]
[Date "2005.05.19"]
[Round "7"]
[White "Schulz, Stefanie"]
[Black "Lang, Henry"]
[Result "1-0"]
[Termination "normal"]
[Board "14"]
[WhiteElo "2070"]
[BlackElo "1792"]
[PlyCount "77"]
[WhiteFideId "4693060"]
[EventCountry "GER"]
[EventRounds "9"]
[EventType "swiss"]
[EventDate "2005.05.15"]

1. g3 g6 2. Bg2 Bg7 3. c4 c5 4. Nf3 Nc6 5. Nc3 Nf6 6. O-O O-O 7. d4 cxd4 8.
Nxd4 a6 9. e3 Qc7 10. Nde2 d6 11. h3 Rb8 12. a4 e6 13. e4 Rd8 14. Bf4 e5 15.
Bg5 Be6 16. b3 h6 17. Be3 Nd7 18. Qd2 Kh7 19. Nd5 Qc8 20. b4 b5 21. cxb5 axb5
22. a5 Bxd5 23. exd5 Ne7 24. Rac1 Qa6 25. Nc3 f5 26. Rfd1 Rdc8 27. Bf1 e4 28.
Bd4 Ne5 29. Bxe5 Bxe5 30. Qe3 Bf6 31. Ne2 Rxc1 32. Rxc1 Bg5 33. Nf4 Nxd5 34.
Qd4 Bxf4 35. gxf4 Qb7 36. Rd1 Nxf4 37. Qxd6 g5 38. a6 Qa8 39. Qe7+ 1-0

[Event "DEM U18 2005"]
[Site "Willingen GER"]
[Date "2005.05.20"]
[Round "8"]
[White "Eisenbeiser, Amadeus"]
[Black "Heinz, Axel"]
[Result "1/2-1/2"]
[Termination "normal"]
[Board "1"]
[WhiteTitle "FM"]
[WhiteElo "2304"]
[BlackElo "2354"]
[PlyCount "57"]
[WhiteFideId "4678338"]
[BlackFideId "4667557"]
[EventCountry "GER"]
[EventRounds "9"]
[EventType "swiss"]
[EventDate "2005.05.15"]

1. e4 c5 2. Nf3 e6 3. d4 cxd4 4. Nxd4 a6 5. Nc3 b5 6. Bd3 Qb6 7. Be3 Bc5 8.
Nce2 Nf6 9. O-O Ng4 10. Bd2 Nc6 11. c3 O-O 12. b4 Bd6 13. h3 Nge5 14. Be3 Qb8
15. f4 Nxd3 16. Qxd3 Be7 17. a4 Nxd4 18. Bxd4 bxa4 19. Rxa4 Bb7 20. Ra5 Qc8 21.
f5 f6 22. fxe6 dxe6 23. Bc5 Rf7 24. Nf4 Bd8 25. Ra2 Bc7 26. Ne2 Be5 27. Nd4 Qd7
28. Qe3 Bxd4 29. cxd4 1/2-1/2

[Event "DEM U18 2005"]
[Site "Willingen GER"]
[Date "2005.05.20"]
[Round "8"]
[White "Armbrust, Florian"]
[Black "Feuerstack, Aljoscha"]
[Result "0-1"]
[Termination "normal"]
[Board "2"]
[WhiteElo "2243"]
[BlackElo "2209"]
[PlyCount "60"]
[WhiteFideId "4691350"]
[BlackFideId "4681932"]
[EventCountry "GER"]
[EventRounds "9"]
[EventType "swiss"]
[EventDate "2005.05.15"]

1. e4 c5 2. Nf3 e6 3. c3 Nf6 4. e5 Nd5 5. d4 cxd4 6. cxd4 d6 7. a3 Bd7 8. Bd3
Bc6 9. O-O Be7 10. Re1 Nd7 11. b4 a6 12. Nbd2 O-O 13. Ne4 dxe5 14. dxe5 Qc7 15.
Bg5 Bxg5 16. Nexg5 h6 17. Nh7 Rfd8 18. Qd2 Ne7 19. Nf6+ gxf6 20. Qxh6 f5 21.
Ng5 Nf8 22. Re3 Rxd3 23. Rxd3 Qxe5 24. Rad1 Neg6 25. Rg3 Rd8 26. Re1 Rd4 27.
Rh3 Rg4 28. Rg3 Qd4 29. Rc1 Rh4 30. Nf3 Bxf3 0-1

[Event "DEM U18 2005"]
[Site "Willingen GER"]
[Date "2005.05.20"]
[Round "8"]
[White "Krämer, Martin"]
[Black "Grimberg, Boris"]
[Result "1-0"]
[Termination "normal"]
[Board "4"]
[WhiteTitle "FM"]
[WhiteElo "2362"]
[BlackElo "2066"]
[PlyCount "111"]
[WhiteFideId "4671910"]
[BlackFideId "4697499"]
[EventCountry "GER"]
[EventRounds "9"]
[EventType "swiss"]
[EventDate "2005.05.15"]

1. e4 c5 2. Nf3 d6 3. d4 cxd4 4. Nxd4 Nc6 5. Nc3 Nf6 6. Bg5 e6 7. Qd2 a6 8.
O-O-O Be7 9. Bxf6 gxf6 10. f4 Qc7 11. Be2 Bd7 12. Bh5 Rf8 13. Nce2 O-O-O 14. f5
e5 15. Nxc6 bxc6 16. Rhf1 Kb7 17. Rf3 Ka7 18. Rb3 d5 19. c3 c5 20. exd5 c4 21.
d6 Bxd6 22. Qxd6 Qxd6 23. Rxd6 cxb3 24. axb3 Bxf5 25. Rxf6 Bg6 26. Bf3 e4 27.
Bg4 h5 28. Bh3 e3 29. Nd4 Rd5 30. Kd1 Re8 31. g3 Red8 32. Rf4 Re8 33. Bg2 Rd6
34. Bf3 Kb6 35. Ke2 Re5 36. b4 Kc7 37. Ke1 a5 38. bxa5 Rxa5 39. Ke2 Rb6 40. b3
Ra2+ 41. Kxe3 Rxh2 42. Bd5 f6 43. b4 Rh3 44. Kf2 h4 45. Rxh4 Rxh4 46. gxh4 Kd6
47. Bf3 Ke5 48. h5 Bh7 49. Ke3 Ra6 50. b5 Ra3 51. Nc6+ Kd6 52. Kd4 Ra4+ 53. Nb4
f5 54. b6 Bg8 55. b7 Kc7 56. Ke5 1-0

[Event "DEM U18 2005"]
[Site "Willingen GER"]
[Date "2005.05.20"]
[Round "8"]
[White "Behm, Simon"]
[Black "Strohhäker, Raoul"]
[Result "1/2-1/2"]
[Termination "normal"]
[Board "6"]
[WhiteElo "2214"]
[BlackElo "2226"]
[PlyCount "68"]
[WhiteFideId "4691962"]
[BlackFideId "4687400"]
[EventCountry "GER"]
[EventRounds "9"]
[EventType "swiss"]
[EventDate "2005.05.15"]

1. d4 Nf6 2. c4 c5 3. d5 b5 4. cxb5 a6 5. bxa6 Bxa6 6. Nc3 g6 7. e4 Bxf1 8.
Kxf1 d6 9. Nf3 Bg7 10. h3 O-O 11. Kg1 Nbd7 12. Kh2 Qa5 13. Re1 Rfb8 14. Re2 Ne8
15. Rc2 Nc7 16. Bg5 Kf8 17. Qc1 Nb5 18. Ne2 Ne5 19. Bh6 Nxf3+ 20. gxf3 Nc7 21.
Qg5 f6 22. Qh4 Qa4 23. Rd2 Rb4 24. Ng3 Qd7 25. a3 Rba4 26. Rg1 Ne8 27. b3 Rxa3
28. Nf5 Kg8 29. Bxg7 Nxg7 30. Nh6+ Kf8 31. Nf5 Kg8 32. Nh6+ Kf8 33. Nf5 Kg8 34.
Nh6+ Kf8 1/2-1/2

[Event "DEM U18 2005"]
[Site "Willingen GER"]
[Date "2005.05.20"]
[Round "8"]
[White "Nüsken, Nikolas"]
[Black "Laßan, Christian"]
[Result "1-0"]
[Termination "normal"]
[Board "7"]
[WhiteElo "2243"]
[BlackElo "2065"]
[PlyCount "59"]
[WhiteFideId "24605891"]
[BlackFideId "4685997"]
[EventCountry "GER"]
[EventRounds "9"]
[EventType "swiss"]
[EventDate "2005.05.15"]

1. e4 e6 2. Nf3 d5 3. Nc3 Nf6 4. e5 Nfd7 5. d4 c5 6. dxc5 Bxc5 7. Bd3 Nc6 8.
Bf4 f6 9. exf6 Qxf6 10. Bg3 O-O 11. O-O Nd4 12. Nxd4 Bxd4 13. Qe2 Bxc3 14. bxc3
e5 15. f3 Re8 16. c4 dxc4 17. Bxc4+ Kh8 18. Rfe1 e4 19. fxe4 Ne5 20. Bd5 Rb8
21. Rab1 b6 22. Rf1 Qe7 23. c4 Bg4 24. Qe3 Rbc8 25. Qd4 h6 26. h3 Be2 27. Bxe5
Qxe5 28. Qxe5 Rxe5 29. Rf7 Rd8 30. Rb3 1-0

[Event "DEM U18 2005"]
[Site "Willingen GER"]
[Date "2005.05.20"]
[Round "8"]
[White "Hoffmann, Udo"]
[Black "Becker, Nils"]
[Result "1/2-1/2"]
[Termination "normal"]
[Board "8"]
[WhiteElo "2196"]
[BlackElo "2096"]
[PlyCount "105"]
[WhiteFideId "24605735"]
[BlackFideId "4695216"]
[EventCountry "GER"]
[EventRounds "9"]
[EventType "swiss"]
[EventDate "2005.05.15"]

1. e4 c5 2. b3 Nc6 3. Bb2 Nf6 4. e5 Nd5 5. Bb5 g6 6. Bxc6 dxc6 7. Nf3 Bg7 8.
O-O O-O 9. d3 Bf5 10. Re1 Qc7 11. Nh4 Be6 12. c4 Nb6 13. f4 Qd7 14. Re3 Bh6 15.
Qf3 f6 16. Qg3 Bg4 17. h3 g5 18. fxg5 fxg5 19. e6 Bxe6 20. Qe5 Rf6 21. Rg3 g4
22. Qe4 Bf4 23. Re3 Bxe3+ 24. Qxe3 gxh3 25. Bxf6 exf6 26. gxh3 Bxh3 27. Kh2 Bg4
28. Nd2 Qd4 29. Qxd4 cxd4 30. Rf1 Rf8 31. Rf4 f5 32. Ne4 Nc8 33. Nf2 h5 34.
Rxd4 Kg7 35. Rd7+ Rf7 36. Rd8 Ne7 37. d4 f4 38. d5 cxd5 39. cxd5 Kf6 40. d6 Nc6
41. Re8 Kg7 42. Ng2 Kh6 43. Nh4 Rd7 44. Ne4 Rd8 45. Re7 Rxd6 46. Rf7 Rd3 47.
Rf6+ Kg7 48. Rg6+ Kf7 49. Rf6+ Ke8 50. Ng6 Rh3+ 51. Kg1 Re3 52. Nc5 Kd8 53.
Nxf4 1/2-1/2

[Event "DEM U18 2005"]
[Site "Willingen GER"]
[Date "2005.05.20"]
[Round "8"]
[White "Möller, Hendrik"]
[Black "Skibbe, Willi"]
[Result "1/2-1/2"]
[Termination "normal"]
[Board "9"]
[WhiteElo "2180"]
[BlackElo "1934"]
[PlyCount "68"]
[WhiteFideId "24604917"]
[BlackFideId "4682190"]
[EventCountry "GER"]
[EventRounds "9"]
[EventType "swiss"]
[EventDate "2005.05.15"]

1. e4 e6 2. d4 d5 3. Nc3 Bb4 4. e5 Ne7 5. a3 Bxc3+ 6. bxc3 c5 7. Qg4 Nf5 8. Bd3
h5 9. Qf3 Nc6 10. Bxf5 exf5 11. Ne2 Be6 12. Qg3 g6 13. Bg5 Qc7 14. Bf6 Rf8 15.
O-O cxd4 16. cxd4 Na5 17. a4 Rc8 18. Qa3 Nc4 19. Qb4 a5 20. Qc3 Qc6 21. Rfb1 b6
22. Rb3 Rc7 23. Qd3 Bc8 24. Bg5 Ba6 25. Qf3 Kd7 26. Nc3 Ke6 27. h3 Rg8 28. g4
hxg4 29. hxg4 Rh8 30. Ne2 Bb7 31. Rb5 Kd7 32. gxf5 Nxe5 33. Qg3 Qxc2 34. Bf6
Qe4 1/2-1/2

[Event "DEM U18 2005"]
[Site "Willingen GER"]
[Date "2005.05.20"]
[Round "8"]
[White "Igonin, Pavel"]
[Black "Poysti, Nathanael"]
[Result "1/2-1/2"]
[Termination "normal"]
[Board "10"]
[WhiteElo "2176"]
[BlackElo "2008"]
[PlyCount "73"]
[EventCountry "GER"]
[EventRounds "9"]
[EventType "swiss"]
[EventDate "2005.05.15"]

1. d4 Nf6 2. Nf3 e6 3. Bf4 b6 4. e3 Bb7 5. Nbd2 c5 6. c3 Be7 7. h3 O-O 8. Bd3
d5 9. Qb1 Nbd7 10. O-O h6 11. Bh2 Ne8 12. e4 dxe4 13. Bxe4 Bxe4 14. Nxe4 Ndf6
15. Rd1 c4 16. Ne5 Qd5 17. f3 Nd6 18. Nxd6 Bxd6 19. b3 Bxe5 20. Bxe5 Nd7 21.
Bf4 a5 22. b4 a4 23. a3 Rfe8 24. Ra2 Qf5 25. Qxf5 exf5 26. d5 g5 27. Bc7 Re3
28. Rc2 b5 29. d6 Rae8 30. Kf2 f4 31. Rd5 R8e5 32. Rc5 f6 33. Rc6 Kf7 34. Ra6
Re8 35. Ra5 R8e5 36. Ra8 Re8 37. Ra5 1/2-1/2

[Event "DEM U18 2005"]
[Site "Willingen GER"]
[Date "2005.05.20"]
[Round "8"]
[White "Jahncke, Giso"]
[Black "Dück, Stefan"]
[Result "1-0"]
[Termination "normal"]
[Board "11"]
[WhiteElo "1882"]
[BlackElo "2049"]
[PlyCount "71"]
[WhiteFideId "24608289"]
[BlackFideId "4681355"]
[EventCountry "GER"]
[EventRounds "9"]
[EventType "swiss"]
[EventDate "2005.05.15"]

1. e4 e6 2. d4 d5 3. Nc3 Bb4 4. e5 c5 5. a3 Ba5 6. b4 cxd4 7. Nb5 Bc7 8. f4 Bd7
9. Nxc7+ Qxc7 10. Bd3 Ne7 11. Nf3 Nbc6 12. Bd2 Nf5 13. Bxf5 exf5 14. O-O Qb6
15. Kh1 O-O 16. Rb1 Rfc8 17. Be1 a6 18. Bf2 Ne7 19. Nxd4 Qg6 20. Bh4 Nc6 21.
Nb3 Na7 22. Rf3 Qg4 23. Bf6 Kh8 24. h3 Qg6 25. Bg5 Nb5 26. Nc5 b6 27. Nxd7 Nc3
28. Rxc3 Rxc3 29. Nf6 gxf6 30. Bxf6+ Kg8 31. Qxd5 Rf8 32. Rd1 Rxc2 33. Rd3 h6
34. Kh2 Rc1 35. Qd6 h5 36. Qxf8+ 1-0

[Event "DEM U18 2005"]
[Site "Willingen GER"]
[Date "2005.05.20"]
[Round "8"]
[White "Elstner, Eik"]
[Black "Müller, Pascal"]
[Result "0-1"]
[Termination "normal"]
[Board "12"]
[WhiteElo "2095"]
[BlackElo "1813"]
[PlyCount "62"]
[WhiteFideId "24605581"]
[EventCountry "GER"]
[EventRounds "9"]
[EventType "swiss"]
[EventDate "2005.05.15"]

1. d4 Nf6 2. g3 d6 3. Bg2 g6 4. Nf3 Bg7 5. Nbd2 Nbd7 6. e4 e5 7. c3 O-O 8. O-O
Re8 9. Re1 c6 10. b3 Qc7 11. Ba3 Nb6 12. dxe5 dxe5 13. c4 Be6 14. c5 Nbd7 15.
Ng5 Rad8 16. Qc2 Nf8 17. Rad1 h6 18. Nxe6 Nxe6 19. Nf3 Qa5 20. Rxd8 Rxd8 21.
Qc1 Nd7 22. b4 Qb5 23. Bf1 Qa4 24. Bc4 Nd4 25. Nxd4 exd4 26. f4 d3 27. Rd1 Nxc5
28. Rd2 Bd4+ 29. Kg2 Be3 30. bxc5 Bxd2 31. Qxd2 Qxc4 0-1

[Event "DEM U18 2005"]
[Site "Willingen GER"]
[Date "2005.05.20"]
[Round "8"]
[White "Schulz, Stefanie"]
[Black "Kaufmann, Benjamin"]
[Result "1/2-1/2"]
[Termination "normal"]
[Board "13"]
[WhiteElo "2070"]
[BlackElo "1942"]
[PlyCount "55"]
[WhiteFideId "4693060"]
[BlackFideId "24613525"]
[EventCountry "GER"]
[EventRounds "9"]
[EventType "swiss"]
[EventDate "2005.05.15"]

1. c4 e6 2. Nc3 d5 3. d4 Nf6 4. Bg5 Be7 5. e3 O-O 6. Nf3 Nbd7 7. Rc1 c6 8. Bd3
dxc4 9. Bxc4 Nd5 10. Bxe7 Qxe7 11. O-O Nxc3 12. Rxc3 e5 13. Bb3 exd4 14. exd4
Nb6 15. Re1 Qd6 16. Ne5 Nd5 17. Rg3 Be6 18. Nc4 Qc7 19. Ne3 Rad8 20. Bc2 Nxe3
21. fxe3 c5 22. Qh5 g6 23. Qxc5 Qxc5 24. dxc5 Rd2 25. Rc1 Rc8 26. b4 Bxa2 27.
e4 a6 28. Ra3 1/2-1/2

[Event "DEM U18 2005"]
[Site "Willingen GER"]
[Date "2005.05.20"]
[Round "8"]
[White "Lang, Henry"]
[Black "Mijatovic, Vladimir"]
[Result "0-1"]
[Termination "normal"]
[Board "14"]
[WhiteElo "1792"]
[BlackElo "2181"]
[PlyCount "70"]
[BlackFideId "934062"]
[EventCountry "GER"]
[EventRounds "9"]
[EventType "swiss"]
[EventDate "2005.05.15"]

1. g3 f5 2. Bg2 Nf6 3. d4 g6 4. c4 Bg7 5. Nc3 O-O 6. Bg5 d6 7. Nf3 Nbd7 8. O-O
h6 9. Bxf6 Nxf6 10. Qc2 c6 11. e4 fxe4 12. Nxe4 Qe8 13. Rae1 Qf7 14. b3 Bd7 15.
Re2 Nxe4 16. Qxe4 Bf5 17. Qe3 Bg4 18. Qf4 Qxf4 19. gxf4 Rxf4 20. Re3 Bxf3 21.
Rxf3 Rxf3 22. Bxf3 Bxd4 23. Be4 Kg7 24. Kg2 Rf8 25. f3 Rf4 26. Rd1 Bc5 27. Kg3
g5 28. Rd2 Kf6 29. Re2 e6 30. Rc2 Bd4 31. Rd2 Be5 32. Kg2 g4 33. Rf2 d5 34. Bd3
gxf3+ 35. Rxf3 Rxf3 0-1

[Event "DEM U18 2005"]
[Site "Willingen GER"]
[Date "2005.05.21"]
[Round "9"]
[White "Feuerstack, Aljoscha"]
[Black "Heinz, Axel"]
[Result "0-1"]
[Termination "normal"]
[Board "1"]
[WhiteElo "2209"]
[BlackElo "2354"]
[PlyCount "78"]
[WhiteFideId "4681932"]
[BlackFideId "4667557"]
[EventCountry "GER"]
[EventRounds "9"]
[EventType "swiss"]
[EventDate "2005.05.15"]

1. e4 c5 2. Nf3 a6 3. c3 d6 4. d4 Qc7 5. Bd3 Bg4 6. Be3 Nd7 7. Nbd2 Ngf6 8. h3
Bxf3 9. Qxf3 g6 10. Qe2 Bg7 11. f4 O-O 12. O-O e6 13. a4 Rac8 14. Qf2 Qc6 15.
a5 Rfe8 16. e5 Nd5 17. Be4 Qc7 18. exd6 Qxd6 19. dxc5 Nxc5 20. Bd4 Bxd4 21.
Qxd4 Qe7 22. Bc2 Red8 23. Qf2 Qc7 24. Ne4 Nxe4 25. Bxe4 Qc4 26. Qf3 Qb5 27. Rf2
Rc7 28. Qg3 Qc5 29. f5 exf5 30. Bxf5 Ne3 31. Be4 Nd1 32. Rxd1 Rxd1+ 33. Kh2 Re7
34. Bf3 Rc1 35. Bg4 h5 36. Bf5 Rce1 37. Qb8+ Kg7 38. Qf4 h4 39. Qxh4 Qe5+ 0-1

[Event "DEM U18 2005"]
[Site "Willingen GER"]
[Date "2005.05.21"]
[Round "9"]
[White "Mink, Jens"]
[Black "Eisenbeiser, Amadeus"]
[Result "1-0"]
[Termination "normal"]
[Board "2"]
[BlackTitle "FM"]
[WhiteElo "2002"]
[BlackElo "2304"]
[PlyCount "79"]
[BlackFideId "4678338"]
[EventCountry "GER"]
[EventRounds "9"]
[EventType "swiss"]
[EventDate "2005.05.15"]

1. e4 g6 2. d4 Bg7 3. Nc3 d6 4. Be3 a6 5. Qd2 Nd7 6. f4 b5 7. a3 Bb7 8. h3 e6
9. g4 Ne7 10. Rh2 c5 11. Rf2 b4 12. Nce2 bxa3 13. Rxa3 Bxe4 14. Ng3 Bb7 15. f5
O-O 16. dxc5 exf5 17. gxf5 Nd5 18. fxg6 hxg6 19. Bh6 Re8+ 20. Kd1 Bh8 21. Bg2
Ne5 22. c6 Bxc6 23. Bxd5 Bxd5 24. Qxd5 Qb6 25. Rg2 Qxb2 26. Bc1 Qb4 27. Nf5 Bg7
28. Rb3 Qa4 29. Nxg7 Kxg7 30. Bb2 Rad8 31. Rb7 Rd7 32. Rg4 Rxb7 33. Rxa4 Rxb2
34. Kc1 Rb5 35. Qxd6 Re6 36. Qd8 Rf6 37. Rh4 Rf1+ 38. Kd2 g5 39. Qh8+ Kg6 40.
Rh6+ 1-0

[Event "DEM U18 2005"]
[Site "Willingen GER"]
[Date "2005.05.21"]
[Round "9"]
[White "Strohhäker, Raoul"]
[Black "Frübing, Stefan"]
[Result "1/2-1/2"]
[Termination "normal"]
[Board "3"]
[WhiteElo "2226"]
[BlackElo "2204"]
[PlyCount "82"]
[WhiteFideId "4687400"]
[BlackFideId "4682165"]
[EventCountry "GER"]
[EventRounds "9"]
[EventType "swiss"]
[EventDate "2005.05.15"]

1. e4 c5 2. Nf3 Nc6 3. Bb5 g6 4. Bxc6 dxc6 5. d3 Bg7 6. h3 Nf6 7. Nc3 Nd7 8.
Be3 e5 9. Qd2 h6 10. Nh2 Qe7 11. O-O-O Nf8 12. g3 b6 13. Nf1 Ne6 14. f4 Nd4 15.
fxe5 Be6 16. g4 Nf3 17. Qf2 Nxe5 18. Ng3 O-O-O 19. Kb1 Kb7 20. Nge2 Bf6 21. Bf4
Rhe8 22. Rhf1 Bg7 23. Qg3 Rf8 24. Rde1 Rh8 25. Qg2 h5 26. g5 Qd7 27. Bxe5 Bxe5
28. Rf3 Rhe8 29. Ref1 Re7 30. Rh1 Qc7 31. Qf2 Red7 32. Nf4 Bxf4 33. Rxf4 c4 34.
dxc4 Bxh3 35. b3 Be6 36. Qe3 Qe5 37. Rf2 Rd4 38. Re2 Bg4 39. Rf2 Be6 40. Re2
R8d7 41. Rf2 Rd8 1/2-1/2

[Event "DEM U18 2005"]
[Site "Willingen GER"]
[Date "2005.05.21"]
[Round "9"]
[White "Degtiarev, Jewgeni"]
[Black "Krämer, Martin"]
[Result "1/2-1/2"]
[Termination "normal"]
[Board "4"]
[BlackTitle "FM"]
[WhiteElo "2328"]
[BlackElo "2362"]
[PlyCount "96"]
[WhiteFideId "4149610"]
[BlackFideId "4671910"]
[EventCountry "GER"]
[EventRounds "9"]
[EventType "swiss"]
[EventDate "2005.05.15"]

1. d4 Nf6 2. c4 e6 3. Nc3 Bb4 4. e3 O-O 5. Nge2 d5 6. cxd5 exd5 7. g3 c6 8. Bg2
Bf5 9. O-O Qd7 10. f3 c5 11. g4 Be6 12. a3 cxd4 13. axb4 dxc3 14. bxc3 Nc6 15.
h3 h5 16. Nf4 Rfd8 17. Bd2 a5 18. bxa5 Nxa5 19. Be1 Nc4 20. Rxa8 Rxa8 21. Qd4
Ra2 22. g5 Ne8 23. e4 dxe4 24. fxe4 Qe7 25. Bf2 Nd2 26. Rd1 Qxg5 27. Rxd2 Ra1+
28. Kh2 Qxf4+ 29. Bg3 Qh6 30. e5 Kh7 31. Bxb7 Ra4 32. Qd3+ g6 33. Bc6 Bf5 34.
Qe2 h4 35. Bxa4 hxg3+ 36. Kg1 Ng7 37. Bd7 Qxh3 38. Bxf5 Nxf5 39. Qg2 Qg4 40.
Qe2 Qg5 41. e6 fxe6 42. Rd7+ Ng7 43. Kg2 Qc5 44. Qf3 Qe5 45. Qd3 Kh6 46. Qxg3
Qe2+ 47. Qf2 Qg4+ 48. Qg3 Qe2+ 1/2-1/2

[Event "DEM U18 2005"]
[Site "Willingen GER"]
[Date "2005.05.21"]
[Round "9"]
[White "Grimberg, Boris"]
[Black "Armbrust, Florian"]
[Result "1/2-1/2"]
[Termination "normal"]
[Board "5"]
[WhiteElo "2066"]
[BlackElo "2243"]
[PlyCount "84"]
[WhiteFideId "4697499"]
[BlackFideId "4691350"]
[EventCountry "GER"]
[EventRounds "9"]
[EventType "swiss"]
[EventDate "2005.05.15"]

1. d4 Nf6 2. Nf3 g6 3. c4 Bg7 4. Nc3 O-O 5. g3 d6 6. Bg2 Nbd7 7. O-O e5 8. e4
c6 9. h3 exd4 10. Nxd4 Qb6 11. Nde2 Nc5 12. Be3 Qxb2 13. Rb1 Qa3 14. Qxd6 Nfd7
15. Bd4 Bxd4 16. Qxd4 Ne6 17. Qe3 Ne5 18. Nd5 Qxe3 19. Nxe3 Nc5 20. f4 Ned3 21.
Rfd1 Be6 22. Nd4 Rad8 23. Nxe6 fxe6 24. Bf1 Rd7 25. Bxd3 Nxd3 26. Kf1 Rfd8 27.
Ke2 e5 28. Ng4 Kg7 29. Nf2 Nc5 30. Ke3 Kf7 31. Rxd7+ Rxd7 32. Rd1 Rxd1 33. Nxd1
Ke6 34. Nf2 b5 35. cxb5 cxb5 36. Nd3 Nxd3 37. Kxd3 a5 38. h4 h5 39. Kc3 Kd6 40.
Kd3 Ke6 41. Kc3 Kd6 42. Kd3 Ke6 1/2-1/2

[Event "DEM U18 2005"]
[Site "Willingen GER"]
[Date "2005.05.21"]
[Round "9"]
[White "Nüsken, Nikolas"]
[Black "Hoffmann, Udo"]
[Result "1/2-1/2"]
[Termination "normal"]
[Board "6"]
[WhiteElo "2243"]
[BlackElo "2196"]
[PlyCount "84"]
[WhiteFideId "24605891"]
[BlackFideId "24605735"]
[EventCountry "GER"]
[EventRounds "9"]
[EventType "swiss"]
[EventDate "2005.05.15"]

1. e4 c5 2. Nf3 e6 3. c3 Nf6 4. e5 Nd5 5. d4 cxd4 6. cxd4 d6 7. Bc4 Nb6 8. Bb3
Be7 9. O-O Bd7 10. Nc3 Bc6 11. Qe2 O-O 12. Bf4 a6 13. Rfd1 Nd5 14. Nxd5 Bxd5
15. Bxd5 exd5 16. Qc2 dxe5 17. dxe5 Qd7 18. Qb3 Rd8 19. Be3 Qb5 20. Qxb5 axb5
21. Bb6 Rd7 22. Rac1 Nc6 23. Nd4 Rxa2 24. Nxc6 bxc6 25. Rxc6 h6 26. Bd4 Ra4 27.
b3 Ra3 28. Rd3 Kh7 29. h3 Ra2 30. Rg3 g5 31. Rd3 Bf8 32. Kh2 Re2 33. Rb6 Bg7
34. Re3 Rd2 35. Bc3 d4 36. Bxd2 dxe3 37. Bxe3 Bxe5+ 38. g3 Rd5 39. Kg2 Bc3 40.
Kf3 b4 41. Ke4 Rd1 42. Bc5 Rb1 1/2-1/2

[Event "DEM U18 2005"]
[Site "Willingen GER"]
[Date "2005.05.21"]
[Round "9"]
[White "Becker, Nils"]
[Black "Trella, Thomas"]
[Result "0-1"]
[Termination "normal"]
[Board "7"]
[WhiteElo "2096"]
[BlackElo "2266"]
[PlyCount "46"]
[WhiteFideId "4695216"]
[BlackFideId "24620513"]
[EventCountry "GER"]
[EventRounds "9"]
[EventType "swiss"]
[EventDate "2005.05.15"]

1. Nf3 d5 2. g3 Bg4 3. Bg2 Nd7 4. O-O e6 5. b3 Ngf6 6. Bb2 Be7 7. c4 O-O 8. d4
c6 9. Nc3 Bh5 10. Re1 Qb6 11. Na4 Qa6 12. Nd2 b5 13. Nc3 bxc4 14. bxc4 Rab8 15.
Qc2 Bg6 16. e4 c5 17. Bf1 cxd4 18. Nb5 dxe4 19. Nxe4 Nxe4 20. Rxe4 Nc5 21. Bd3
Nxd3 22. Qxd3 Qb7 23. Qxd4 Bf6 0-1

[Event "DEM U18 2005"]
[Site "Willingen GER"]
[Date "2005.05.21"]
[Round "9"]
[White "Skibbe, Willi"]
[Black "Behm, Simon"]
[Result "1/2-1/2"]
[Termination "normal"]
[Board "8"]
[WhiteElo "1934"]
[BlackElo "2214"]
[PlyCount "73"]
[WhiteFideId "4682190"]
[BlackFideId "4691962"]
[EventCountry "GER"]
[EventRounds "9"]
[EventType "swiss"]
[EventDate "2005.05.15"]

1. e4 c5 2. Nf3 Nc6 3. d4 cxd4 4. Nxd4 Nf6 5. Nc3 e5 6. Ndb5 d6 7. Bg5 a6 8.
Na3 b5 9. Nd5 Be7 10. Bxf6 Bxf6 11. c3 Bg5 12. Nc2 O-O 13. a4 bxa4 14. Rxa4 a5
15. Bc4 Rb8 16. Ra2 Kh8 17. Nce3 Bxe3 18. Nxe3 f5 19. exf5 Bxf5 20. Nxf5 Rxf5
21. b3 e4 22. O-O Ne5 23. Rd2 Rb6 24. Rd4 Nxc4 25. bxc4 Re5 26. Re1 Qe7 27. c5
Rxc5 28. Rdxe4 Re5 29. Rxe5 dxe5 30. Rxe5 Rb1 31. Qxb1 Qxe5 32. h3 h6 33. c4 a4
34. Qb4 Qa1+ 35. Kh2 a3 36. Qf8+ Kh7 37. Qf5+ 1/2-1/2

[Event "DEM U18 2005"]
[Site "Willingen GER"]
[Date "2005.05.21"]
[Round "9"]
[White "Jahncke, Giso"]
[Black "Möller, Hendrik"]
[Result "1-0"]
[Termination "normal"]
[Board "9"]
[WhiteElo "1882"]
[BlackElo "2180"]
[PlyCount "65"]
[WhiteFideId "24608289"]
[BlackFideId "24604917"]
[EventCountry "GER"]
[EventRounds "9"]
[EventType "swiss"]
[EventDate "2005.05.15"]

1. e4 c5 2. Nf3 e6 3. d4 cxd4 4. Nxd4 a6 5. Bd3 b5 6. O-O Qb6 7. Be3 Bc5 8. c3
Nc6 9. Bc2 a5 10. Re1 Nge7 11. a4 b4 12. Nb5 O-O 13. Nd2 Ne5 14. Kh1 N7g6 15.
Qh5 d6 16. cxb4 axb4 17. b3 Bd7 18. Nc4 Nxc4 19. bxc4 Rfc8 20. Bb3 Bxb5 21.
cxb5 Bxe3 22. Rxe3 Rc3 23. Rxc3 bxc3 24. Qf3 Rc8 25. Bc2 e5 26. g3 Nf8 27. Qe3
Rc5 28. Qd3 g6 29. a5 Qb8 30. a6 d5 31. b6 Qxb6 32. a7 Ra5 33. a8=Q 1-0

[Event "DEM U18 2005"]
[Site "Willingen GER"]
[Date "2005.05.21"]
[Round "9"]
[White "Poysti, Nathanael"]
[Black "Laßan, Christian"]
[Result "1/2-1/2"]
[Termination "normal"]
[Board "10"]
[WhiteElo "2008"]
[BlackElo "2065"]
[PlyCount "65"]
[BlackFideId "4685997"]
[EventCountry "GER"]
[EventRounds "9"]
[EventType "swiss"]
[EventDate "2005.05.15"]

1. d4 d5 2. Nf3 c5 3. Nc3 Nc6 4. a3 cxd4 5. Nxd4 e6 6. Nxc6 bxc6 7. e4 Nf6 8.
Bd3 dxe4 9. Nxe4 Nxe4 10. Bxe4 Qxd1+ 11. Kxd1 Bb7 12. Be3 O-O-O+ 13. Ke2 Ba6+
14. Kf3 Kb7 15. Rhd1 Be7 16. Rxd8 Rxd8 17. g4 Bc4 18. b3 Bd5 19. Bxd5 Rxd5 20.
Ke2 a5 21. a4 Bb4 22. Rc1 Bc3 23. Rd1 e5 24. Rd3 Bd4 25. Bxd4 exd4 26. Rh3 h6
27. Kd3 Rc5 28. Rf3 f6 29. Kxd4 Rxc2 30. Ke4 Rc5 31. Rd3 Re5+ 32. Kd4 Kb6 33.
Kc3 1/2-1/2

[Event "DEM U18 2005"]
[Site "Willingen GER"]
[Date "2005.05.21"]
[Round "9"]
[White "Kaufmann, Benjamin"]
[Black "Müller, Pascal"]
[Result "1-0"]
[Termination "normal"]
[Board "11"]
[WhiteElo "1942"]
[BlackElo "1813"]
[PlyCount "107"]
[WhiteFideId "24613525"]
[EventCountry "GER"]
[EventRounds "9"]
[EventType "swiss"]
[EventDate "2005.05.15"]

1. d4 Nf6 2. Nf3 e6 3. Bf4 d5 4. e3 c6 5. Nbd2 Be7 6. h3 Nbd7 7. Bd3 O-O 8. c3
c5 9. O-O b6 10. a4 Bb7 11. Ne5 Nxe5 12. Bxe5 Nd7 13. Bh2 Re8 14. Re1 Bf6 15.
Qc2 h6 16. Nf3 Rc8 17. Qd2 e5 18. dxe5 Nxe5 19. Be2 Qe7 20. Nxe5 Bxe5 21. Bxe5
Qxe5 22. Bf3 Rcd8 23. Rad1 Re7 24. Qc2 Qc7 25. Rd2 d4 26. Bxb7 Qxb7 27. Red1
Re6 28. exd4 cxd4 29. Rxd4 Rxd4 30. Rxd4 Qc7 31. Qd2 Kh7 32. Qd3+ g6 33. Qd2
Kg7 34. Rd8 Re1+ 35. Qxe1 Qxd8 36. Qe2 Qd7 37. Qe5+ Kh7 38. Qd4 Qf5 39. b4 Qe6
40. Kh2 Kg8 41. c4 Qc6 42. c5 bxc5 43. bxc5 Qc7+ 44. g3 h5 45. c6 Kf8 46. Qc5+
Ke8 47. a5 Qe7 48. Qb5 Qc7 49. Qb7 Kd8 50. Kg2 f5 51. h4 f4 52. gxf4 a6 53.
Qxa6 Qxf4 54. Qb6+ 1-0